Le fondement de la morale / (Record no. 164965)
[ view plain ]
| 000 -LEADER | |
|---|---|
| campo de control de longitud fija | 00873nam a2200217 i 4500 |
| 001 - NÚMERO DE CONTROL | |
| campo de control | 164965 |
| 003 - IDENTIFICADOR DE NÚMERO DE CONTROL | |
| campo de control | ES-MaACL |
| 005 - FECHA Y HORA DE LA ÚLTIMA TRANSACCIÓN | |
| campo de control | 20250718062548.0 |
| 008 - DATOS DE LONGITUD FIJA--INFORMACIÓN GENERAL | |
| campo de control de longitud fija | 980114s1879 fr |||| | fre d |
| 040 ## - FUENTE DE CATALOGACIÓN | |
| Centro catalogador/agencia de origen | NA |
| Lengua de catalogación | spa |
| Centro/agencia transcriptor | NA |
| 100 1# - ENTRADA PRINCIPAL--NOMBRE DE PERSONA | |
| Nombre de persona | Schopenhauer, Arthur, |
| Fechas asociadas al nombre | 1788-1860 |
| 9 (RLIN) | 240710 |
| 245 13 - MENCIÓN DEL TÍTULO | |
| Título | Le fondement de la morale / |
| Mención de responsabilidad, etc. | par Arthur Schopenhauer ; traduit de l' allemand par A. Burdeau. |
| 260 ## - PUBLICACIÓN, DISTRIBUCIÓN, ETC. | |
| Lugar de publicación, distribución, etc. | Paris : |
| Nombre del editor, distribuidor, etc. | Librairie Germer Baillière et C\pie\s, |
| Fecha de publicación, distribución, etc. | 1879 ( |
| Lugar de fabricación/manufactura | Abbeville : |
| Fabricante | Typ. et Stér. Gustave Retaux) |
| 300 ## - DESCRIPCIÓN FÍSICA | |
| Extensión | 195 p. ; |
| Dimensiones | 18 cm. |
| 500 ## - NOTA GENERAL | |
| Nota general | Mémoire non Couronné par la Société Royale des Sciences de Danemark, a Copenhague le 30 Janvier 1840. |
| 650 #7 - PUNTO DE ACCESO ADICIONAL DE MATERIA--TÉRMINO DE MATERIA | |
| Término de materia o nombre geográfico como elemento de entrada | Ética |
| Fuente del encabezamiento o término | embne |
| 9 (RLIN) | 12577 |
| 700 0# - ENTRADA AGREGADA--NOMBRE PERSONAL | |
| Nombre de persona | Burdeau, A. |
| 9 (RLIN) | 32590 |
| 852 ## - LOCALIZACIÓN | |
| Ubicación | ES-MaACL |
| Número de control de estantería | F-11748(1) |
| Nota libre | -- Enc. pasta española |
| Encuadernación | -- Edic.: Son VIII, 195 p. |
| Estatus retirado | Estado de pérdida | Estado de daño | No para préstamo | Colección | Biblioteca de origen | Biblioteca actual | Ubicación en estantería | Fecha de adquisición | Fuente de adquisición | Total de préstamos | Signatura topográfica completa | Código de barras | Visto por última vez | Precio de reemplazo | Tipo de ítem Koha |
|---|---|---|---|---|---|---|---|---|---|---|---|---|---|---|---|
| Libros del s. XIX | Biblioteca del Ateneo de Madrid | Biblioteca del Ateneo de Madrid | Sala Pecera Planta 2 | 17/01/2008 | F-11748(1) | 1172932 | 23/02/2023 | 23/02/2023 | Libro impreso antiguo |
